CLASSIC SAUCES (Record no. 228153)

MARC details
000 -LEADER
fixed length control field 00398pam a2200169 a 4500
020 ## - INTERNATIONAL STANDARD BOOK NUMBER
International Standard Book Number 978-178019-178-2
Terms of availability
041 ## - LANGUAGE CODE
Language code of original
082 ## - DEWEY DECIMAL CLASSIFICATION NUMBER
Classification number 641.814
100 ## - MAIN ENTRY--PERSONAL NAME
Personal name CHRISTINE FRANCE
Relator term Author
245 ## - TITLE STATEMENT
Title CLASSIC SAUCES
Statement of responsibility, etc. CHRISTINE FRANCE
Medium Textual Documents
250 ## - EDITION STATEMENT
Edition statement 1st
260 ## - PUBLICATION, DISTRIBUTION, ETC.
Place of publication, distribution, etc. England
Name of publisher, distributor, etc. SOUTH WATER
300 ## - PHYSICAL DESCRIPTION
Extent 224
653 ## - INDEX TERM--UNCONTROLLED
Uncontrolled term FOOD PRODUCTION
700 ## - ADDED ENTRY--PERSONAL NAME
Relator term Co-Author
930 ## - EQUIVALENCE OR CROSS-REFERENCE-UNIFORM TITLE HEADING [LOCAL, CANADA]
Uniform title 752
Holdings
Withdrawn status Lost status Source of classification or shelving scheme Damaged status Not for loan Home library Current library Date acquired Source of acquisition Cost, normal purchase price Total Checkouts Full call number Barcode Date last seen Copy number Price effective from Koha item type
    Dewey Decimal Classification     Institute of Hotel Management & Catering Technology, Pune Institute of Hotel Management & Catering Technology, Pune 23/10/2018 Bharati Madhyavarti Grahak Bhandar Ltd,Pune 495.00   641.814 HMP-D-4692 07/03/2023 5 07/03/2023 Book
    Dewey Decimal Classification     Institute of Hotel Management & Catering Technology, Pune Institute of Hotel Management & Catering Technology, Pune 23/10/2018 Bharati Madhyavarti Grahak Bhandar Ltd,Pune 495.00   641.814 HMP-D-4691 07/03/2023 4 07/03/2023 Book
    Dewey Decimal Classification     Institute of Hotel Management & Catering Technology, Pune Institute of Hotel Management & Catering Technology, Pune 23/10/2018 Bharati Madhyavarti Grahak Bhandar Ltd,Pune 495.00   641.814 HMP-D-4690 07/03/2023 3 07/03/2023 Book
    Dewey Decimal Classification     Institute of Hotel Management & Catering Technology, Pune Institute of Hotel Management & Catering Technology, Pune 23/10/2018 Bharati Madhyavarti Grahak Bhandar Ltd,Pune 495.00   641.814 HMP-D-4689 07/03/2023 2 07/03/2023 Book
    Dewey Decimal Classification     Institute of Hotel Management & Catering Technology, Pune Institute of Hotel Management & Catering Technology, Pune 23/10/2018 Bharati Madhyavarti Grahak Bhandar Ltd,Pune 495.00   641.814 HMP-D-4688 07/03/2023 1 07/03/2023 Book